00881nam a2200169 4500003000800000005001700008008004100025040002600066041000800092100003300100245024400133260003300377300001800410502014200428504006000570830008100630DO-SdUA20250325093547.0 s2024 dr a|| |||| 0 |a||0|spa d aDO-SdUAbspacDO-SdUA0 aspa1 aSelmo Villanueva, Gerónimo10aEstrategias metodológicas para mejorar la técnica del voleo arriba en los estudiantes del 3er. grado de secundaria del Liceo Nicolás Herrera Pimentel del Distrito Educativo 10-01 año escolar 2022-2023 /cGerónimo Selmo Villanueva aSanto Domingo:bUASD,c2024. a82, h. :bil. aTesis y trabajo de grado (Maestría en Educación Física y el Deporte)--Universidad Autónoma de Santo Domingo, Santo Domingo, 2024. aIncluye referencias bibliográficas y anexos y anexos. aTesis y disertaciones académicas (Universidad Autónoma de Santo Domingo)